Govt. of
Madhya Pradesh

Veer Savarkar A great Nationalist & Freedom Fighter (Record no. 68474)

MARC details
000 -LEADER
fixed length control field 00251nam a22000977a 4500
082 ## - DEWEY DECIMAL CLASSIFICATION NUMBER
Classification number 920/DES
100 ## - MAIN ENTRY--AUTHOR NAME
Personal name Deshpande,Vikram
245 ## - TITLE STATEMENT
Title Veer Savarkar A great Nationalist & Freedom Fighter
260 ## - PUBLICATION, DISTRIBUTION, ETC. (IMPRINT)
Place of publication New Delhi
Name of publisher Hawk Prees
Year of publication 2022
942 ## - ADDED ENTRY ELEMENTS (KOHA)
Koha item type Books
Holdings
Withdrawn status Lost status Damaged status Not for loan Home library Current library Date acquired Cost, normal purchase price Full call number Accession Number Price effective from Koha item type
        MACL MACL 17/12/2025 995.00 920/DES CRE040331 17/12/2025 Books